[Event "España ch sub-14 2012"]
[Site "Salobreña ESP"]
[Date "2012.07.13"]
[Round "8.15"]
[White "Ribera Cebolla, Marc"]
[Black "Fernandez Mira, Alonso"]
[Result "1-0"]
[WhiteElo "1883"]
[BlackElo "1626"]
[PlyCount "58"]
[EventDate "2012.07.09"]
[EventType "swiss"]
[EventRounds "9"]
[EventCountry "ESP"]
[Source "lmi"]
[SourceDate "2012.07.09"]

1. e4 c5 2. Nf3 e6 3. d4 cxd4 4. Nxd4 a6 5. Nc3 b5 6. Bd3 Qb6 7. Nb3 Qc7 8. O-O
Bb7 9. Kh1 Nf6 10. Qe2 Nc6 11. f4 d6 12. Bd2 Be7 13. Rae1 O-O 14. g4 Rfe8 15.
a4 bxa4 16. Nxa4 Nd7 17. Bc3 Bf6 18. Bxf6 Nxf6 19. g5 Nd7 20. Nc3 Nb4 21. Rf3
Nxd3 22. cxd3 Nb6 23. Rh3 g6 24. Qg4 f5 25. gxf6 Qf7 26. Na5 Rf8 27. Rg1 Rad8
28. Nxb7 Rde8 29. Na5 Rb8 1-0

[Event "España ch sub-14 2012"]
[Site "Salobreña ESP"]
[Date "2012.07.13"]
[Round "8.16"]
[White "Represa Perez, Mireya"]
[Black "Domingo Nunez, Alejandro"]
[Result "0-1"]
[WhiteElo "1525"]
[BlackElo "1883"]
[PlyCount "66"]
[EventDate "2012.07.09"]
[EventType "swiss"]
[EventRounds "9"]
[EventCountry "ESP"]
[Source "lmi"]
[SourceDate "2012.07.09"]

1. e4 c5 2. Nf3 d6 3. Nc3 Nf6 4. g3 g6 5. Bg2 Bg7 6. d4 cxd4 7. Nxd4 O-O 8. O-O
Bd7 9. Nde2 Nc6 10. Nd5 Nxd5 11. exd5 Ne5 12. a4 Qc8 13. Nf4 Bf5 14. c3 Qc4 15.
Bd2 Rac8 16. b3 Qc7 17. Ra2 h6 18. c4 g5 19. Ne2 Nxc4 20. bxc4 Qxc4 21. Ra3 Bc2
22. Qe1 Bd3 23. Bf3 Bb2 24. Bc1 Bxa3 25. Bxa3 g4 26. Qd2 gxf3 27. Rc1 Qe4 28.
Nc3 Qf5 29. Qxh6 f6 30. Qe3 Qh3 31. Qxf3 Rxc3 32. Qe3 Rxc1+ 33. Qxc1 Be4 0-1

[Event "España ch sub-14 2012"]
[Site "Salobreña ESP"]
[Date "2012.07.13"]
[Round "8.17"]
[White "Orantes Taboada, Francisco"]
[Black "Fernandez Cano, Victor"]
[Result "1/2-1/2"]
[WhiteElo "1688"]
[BlackElo "1839"]
[PlyCount "101"]
[EventDate "2012.07.09"]
[EventType "swiss"]
[EventRounds "9"]
[EventCountry "ESP"]
[Source "lmi"]
[SourceDate "2012.07.09"]

1. e4 c5 2. c3 d5 3. exd5 Qxd5 4. d4 Nf6 5. Nf3 e6 6. a3 Be7 7. Be3 cxd4 8.
cxd4 O-O 9. Nc3 Qd6 10. Bd3 Nc6 11. Qc2 h6 12. O-O a6 13. Rad1 b5 14. Ne4 Nxe4
15. Bxe4 Bb7 16. d5 exd5 17. Bxd5 Qf6 18. Qb1 Rac8 19. Nd4 Ba8 20. Nxc6 Bxc6
21. Bd4 Qg5 22. Bxc6 Rxc6 23. Rfe1 Bf6 24. Bxf6 Qxf6 25. h3 Rfc8 26. Re2 Qg5
27. Rde1 g6 28. Qe4 Qf6 29. Qe5 Kg7 30. Qxf6+ Kxf6 31. Re3 Rc1 32. Kf1 Rxe1+
33. Kxe1 Rc1+ 34. Kd2 Rg1 35. g3 g5 36. Ke2 Rc1 37. b4 Rc6 38. g4 Kg6 39. Re5
Rc3 40. Re3 Rxe3+ 41. Kxe3 f5 42. f3 Kf6 43. Kd4 Ke6 44. Kc5 Ke5 45. Kb6 f4 46.
Kxa6 Kd4 47. Kxb5 Ke3 48. a4 Kxf3 49. a5 Kg3 50. a6 f3 51. a7 1/2-1/2

[Event "España ch sub-14 2012"]
[Site "Salobreña ESP"]
[Date "2012.07.13"]
[Round "8.18"]
[White "Redondo Benavente, Jose Carlos"]
[Black "Castellet Menchon, Cora"]
[Result "1-0"]
[WhiteElo "1719"]
[BlackElo "1823"]
[PlyCount "131"]
[EventDate "2012.07.09"]
[EventType "swiss"]
[EventRounds "9"]
[EventCountry "ESP"]
[Source "lmi"]
[SourceDate "2012.07.09"]

1. e4 c5 2. Nc3 Nc6 3. g3 g6 4. Bg2 Bg7 5. d3 d6 6. f4 Rb8 7. h3 e6 8. Nf3 b5
9. O-O b4 10. Ne2 Nd4 11. g4 f5 12. exf5 exf5 13. Nexd4 cxd4 14. Re1+ Ne7 15.
Qe2 h6 16. Nh4 Kf7 17. Qxe7+ Qxe7 18. Rxe7+ Kxe7 19. Nxg6+ Kf6 20. Nxh8 fxg4
21. hxg4 Bxg4 22. Bd2 Bxh8 23. Bd5 Re8 24. Re1 Rxe1+ 25. Bxe1 a5 26. a3 bxa3
27. bxa3 a4 28. Bc6 Kf5 29. Bd2 Ke6 30. f5+ Bxf5 31. Bxh6 Be5 32. Bxa4 Kd5 33.
Bd2 Bf6 34. Kf1 Bg4 35. Bb3+ Kc6 36. Be1 Bh3+ 37. Kg1 Bd8 38. Bg3 Bc7 39. Kf2
Bb6 40. Ke1 Bc5 41. a4 Kb6 42. Kd2 Bd7 43. Bh4 Bb4+ 44. Kc1 Bc5 45. Be1 Ba3+
46. Kb1 Kc5 47. Bf2 Bb4 48. Bg3 Kb6 49. Bh4 Kb7 50. Ka2 Kc6 51. Bc4 Kc5 52. Kb3
Ba5 53. Bg5 Bc6 54. Bc1 Kb6 55. Be6 Bc3 56. Bg5 Kc7 57. Bc4 d5 58. Bb5 Kb7 59.
Be7 Ba5 60. Bc5 Bc3 61. Bb4 Bxb5 62. axb5 Ba1 63. Ka2 Bc3 64. Bxc3 dxc3 65. Kb3
Kb6 66. Kb4 1-0

[Event "España ch sub-14 2012"]
[Site "Salobreña ESP"]
[Date "2012.07.13"]
[Round "8.19"]
[White "Gomez Dieguez, Adrian"]
[Black "Goni Navarro, Pablo"]
[Result "1/2-1/2"]
[WhiteElo "1801"]
[BlackElo "1666"]
[PlyCount "67"]
[EventDate "2012.07.09"]
[EventType "swiss"]
[EventRounds "9"]
[EventCountry "ESP"]
[Source "lmi"]
[SourceDate "2012.07.09"]

1. e4 c5 2. Nf3 d6 3. Nc3 Nf6 4. g3 g6 5. Bg2 Bg7 6. d4 cxd4 7. Nxd4 O-O 8. O-O
Bd7 9. Nde2 Bc6 10. Nd5 Nbd7 11. a4 Nc5 12. Nec3 e6 13. Nxf6+ Bxf6 14. Bf4 Bxc3
15. Bxd6 Re8 16. bxc3 Nxe4 17. Bxe4 Bxe4 18. a5 Bxc2 19. Qd4 Bb3 20. Rfb1 Bd5
21. Be5 a6 22. Bf6 Qc7 23. Qe3 Qd6 24. Rb6 Bc6 25. Qh6 Qf8 26. Qg5 h6 27. Qe5
Rac8 28. Rb4 Bd5 29. Raa4 Bc6 30. Ra1 Bd5 31. Raa4 Bc6 32. Ra1 Bd5 33. Rd1 Rc5
34. Ra1 1/2-1/2

[Event "España ch sub-14 2012"]
[Site "Salobreña ESP"]
[Date "2012.07.13"]
[Round "8.20"]
[White "Gonzalez Capacete, Jose Miguel"]
[Black "Zhynguel Ramirez De Verger, Ale"]
[Result "1/2-1/2"]
[WhiteElo "1781"]
[BlackElo "1650"]
[PlyCount "65"]
[EventDate "2012.07.09"]
[EventType "swiss"]
[EventRounds "9"]
[EventCountry "ESP"]
[Source "lmi"]
[SourceDate "2012.07.09"]

1. e4 c5 2. Nf3 d6 3. d4 Nf6 4. Nc3 cxd4 5. Nxd4 a6 6. Bg5 e6 7. f4 Be7 8. Qf3
Qb6 9. O-O-O Nc6 10. Nxc6 Qxc6 11. e5 Qxf3 12. gxf3 dxe5 13. fxe5 Nd7 14. Bxe7
Kxe7 15. f4 g5 16. fxg5 Nxe5 17. Bg2 h6 18. Rhe1 Nc6 19. Nd5+ Kf8 20. Nb6 Rb8
21. Bxc6 bxc6 22. Rd8+ Kg7 23. gxh6+ Kh7 24. Rxh8+ Kxh8 25. Nc4 Bd7 26. Rd1 Be8
27. Nd6 Kh7 28. Nxe8 Rxe8 29. Rd7 Rf8 30. Rc7 Kxh6 31. Kd2 f5 32. Ke2 Rh8 33.
Rxc6 1/2-1/2

[Event "España ch sub-14 2012"]
[Site "Salobreña ESP"]
[Date "2012.07.13"]
[Round "8.21"]
[White "Santos Ruiz, Miguel"]
[Black "Panades Catarineu, Oriol"]
[Result "1-0"]
[WhiteElo "2106"]
[BlackElo "1679"]
[PlyCount "125"]
[EventDate "2012.07.09"]
[EventType "swiss"]
[EventRounds "9"]
[EventCountry "ESP"]
[Source "lmi"]
[SourceDate "2012.07.09"]

1. e4 c5 2. Nf3 e6 3. g3 d5 4. exd5 exd5 5. Bg2 Nc6 6. O-O Bg4 7. h3 Bh5 8.
Re1+ Be7 9. g4 Bg6 10. d4 cxd4 11. Nxd4 Nf6 12. Nc3 O-O 13. a3 Rc8 14. Be3 a6
15. f4 h6 16. f5 Bh7 17. Nb3 Qc7 18. Nxd5 Nxd5 19. Qxd5 Bf6 20. c3 Be5 21. Nd4
Nxd4 22. Bxd4 Bxd4+ 23. Qxd4 Rfe8 24. Rad1 g6 25. Rxe8+ Rxe8 26. fxg6 Bxg6 27.
Qf6 Qc5+ 28. Kh2 Qe7 29. Qxe7 Rxe7 30. Rd2 Kg7 31. Kg3 f5 32. Rd6 fxg4 33. hxg4
h5 34. gxh5 Bxh5 35. Rb6 Re2 36. Bxb7 a5 37. Kf4 Rh2 38. Ke5 a4 39. Bd5 Bf7 40.
Bxf7 Kxf7 41. Rb7+ Ke8 42. Kd6 Rh6+ 43. Kc5 Kd8 44. Kb4 Rh4+ 45. Ka5 Kc8 46.
Rb4 Rh5+ 47. Kxa4 Kc7 48. Rb5 Rh8 49. Kb4 Kc6 50. a4 Rh1 51. a5 Rb1 52. Rb6+
Kc7 53. Kc4 Ra1 54. b4 Ra4 55. Kb5 Ra3 56. c4 Rh3 57. Rg6 Rh4 58. Rg7+ Kc8 59.
c5 Kb8 60. c6 Rh5+ 61. Kb6 Rh8 62. Rb7+ Ka8 63. Ra7+ 1-0

[Event "España ch sub-14 2012"]
[Site "Salobreña ESP"]
[Date "2012.07.13"]
[Round "8.22"]
[White "Centron Antuna, Daniel"]
[Black "Perez Tores, Juan Miguel"]
[Result "1/2-1/2"]
[WhiteElo "1655"]
[BlackElo "1834"]
[PlyCount "69"]
[EventDate "2012.07.09"]
[EventType "swiss"]
[EventRounds "9"]
[EventCountry "ESP"]
[Source "lmi"]
[SourceDate "2012.07.09"]

1. d4 Nf6 2. c4 g6 3. Nc3 Bg7 4. Bf4 d6 5. e3 O-O 6. Nf3 Nbd7 7. Be2 c5 8. O-O
Re8 9. Rc1 Qb6 10. Qd2 a6 11. d5 Qa5 12. h3 Rb8 13. Bh2 Nh5 14. Rb1 Nf8 15.
Rfc1 Bf5 16. Bd3 Bxc3 17. Qxc3 Qxc3 18. Rxc3 Bxd3 19. Rxd3 b5 20. Nd2 f5 21. f3
Nf6 22. b3 Rb7 23. Re1 N8d7 24. e4 fxe4 25. fxe4 Kf7 26. Rf3 e5 27. g4 g5 28.
Rf5 h6 29. Ref1 Kg6 30. Kg2 Re7 31. Rc1 b4 32. Rcf1 a5 33. Ra1 a4 34. Rff1 Ra7
35. Rfb1 1/2-1/2

[Event "España ch sub-14 2012"]
[Site "Salobreña ESP"]
[Date "2012.07.13"]
[Round "8.23"]
[White "Mari Copa, Adria"]
[Black "Ruperez Benito, Antonio"]
[Result "1/2-1/2"]
[WhiteElo "1658"]
[BlackElo "1812"]
[PlyCount "85"]
[EventDate "2012.07.09"]
[EventType "swiss"]
[EventRounds "9"]
[EventCountry "ESP"]
[Source "lmi"]
[SourceDate "2012.07.09"]

1. e4 c6 2. d4 d5 3. Nc3 dxe4 4. Nxe4 Bf5 5. Ng3 Bg6 6. Nf3 Nd7 7. h4 h6 8. h5
Bh7 9. Bd3 Bxd3 10. Qxd3 e6 11. Be3 Ngf6 12. O-O-O Bd6 13. Ne4 Nxe4 14. Qxe4
Nf6 15. Qd3 Qc7 16. Kb1 O-O-O 17. Qb3 Kb8 18. c4 c5 19. Qc3 Ne4 20. Qc2 f5 21.
d5 e5 22. Nh4 Rhf8 23. Nxf5 Rxf5 24. Qxe4 Rdf8 25. Qg4 Qf7 26. Qe2 b6 27. Ka1
Qf6 28. Rd2 e4 29. g3 Qf7 30. Rdd1 Rf3 31. Rh3 Qf5 32. Rdh1 Kb7 33. a3 Be5 34.
Qc2 Bd4 35. Rh4 Bxe3 36. fxe3 Re8 37. Rf4 Qg5 38. Rxf3 exf3 39. Qa4 Qxe3 40.
Qd7+ Kb8 41. Qd6+ Kc8 42. Qc6+ Kb8 43. Qd7 1/2-1/2

[Event "España ch sub-14 2012"]
[Site "Salobreña ESP"]
[Date "2012.07.13"]
[Round "8.24"]
[White "Antunez Munoz, Ines"]
[Black "Munoz Pelaez, Manuel"]
[Result "0-1"]
[WhiteElo "1636"]
[BlackElo "1805"]
[PlyCount "111"]
[EventDate "2012.07.09"]
[EventType "swiss"]
[EventRounds "9"]
[EventCountry "ESP"]
[Source "lmi"]
[SourceDate "2012.07.09"]

1. e4 e5 2. Nf3 Nc6 3. d4 exd4 4. Bc4 Bc5 5. O-O h6 6. Re1 Nge7 7. c3 dxc3 8.
Nxc3 O-O 9. Bf4 Ng6 10. Bg3 d6 11. Qc2 Kh8 12. e5 Ngxe5 13. Nxe5 Nxe5 14. Bxe5
dxe5 15. Rxe5 Bd6 16. Rd1 Qh4 17. Qe4 Qxe4 18. Rxe4 Bf5 19. Red4 Rae8 20. Nb5
Be5 21. R4d2 a6 22. Nd4 Bg6 23. Nb3 Bd6 24. Nd4 Re7 25. h3 Rfe8 26. Nf3 Kg8 27.
Bd3 Bxd3 28. Rxd3 Re2 29. Rb3 b6 30. Kh1 Rxf2 31. Rg1 Ree2 32. Nd4 Rxb2 33.
Rxb2 Rxb2 34. Ra1 Be5 35. Nc6 Bf6 36. Nb8 Rxg2 37. Kxg2 Bxa1 38. Nxa6 Be5 39.
Nb4 Kf8 40. Nd5 Ke8 41. Kf3 Kd7 42. Ke4 Bh2 43. a3 Kd6 44. a4 Kc5 45. Ne7 g6
46. Ng8 h5 47. Nh6 f5+ 48. Kd3 Bf4 49. Nf7 g5 50. Nh8 Bd6 51. Nf7 g4 52. hxg4
fxg4 53. Kc2 h4 54. Kb2 h3 55. Ka2 h2 56. Kb1 0-1

[Event "España ch sub-14 2012"]
[Site "Salobreña ESP"]
[Date "2012.07.14"]
[Round "9.1"]
[White "Perez Garcia, Alejandro"]
[Black "Ucles Lirola, Moises"]
[Result "1/2-1/2"]
[WhiteElo "1902"]
[BlackElo "1821"]
[PlyCount "79"]
[EventDate "2012.07.09"]
[EventType "swiss"]
[EventRounds "9"]
[EventCountry "ESP"]
[Source "lmi"]
[SourceDate "2012.07.09"]

1. c4 Nf6 2. Nc3 g6 3. g3 Bg7 4. Bg2 O-O 5. Nf3 d6 6. O-O c5 7. Rb1 Nc6 8. d3
Rb8 9. a3 b6 10. b4 Nd7 11. Bd2 Bb7 12. Qa4 Nd4 13. Nxd4 Bxg2 14. Ne6 fxe6 15.
Kxg2 Qc7 16. f3 Qb7 17. Ne4 Rfc8 18. Be3 d5 19. Ng5 Qc6 20. b5 Qd6 21. f4 h6
22. Nh3 Ra8 23. Nf2 e5 24. Ng4 h5 25. Nxe5 Nxe5 26. fxe5 Qxe5 27. Rf3 d4 28.
Bf2 Rf8 29. Re1 Bh6 30. Qd1 Rf6 31. e4 Rxf3 32. Qxf3 Rf8 33. Qe2 Rf7 34. Rf1
Kg7 35. Be1 Rxf1 36. Qxf1 Qg5 37. a4 Qc1 38. e5 Qe3 39. Bf2 Qxe5 40. Qd1
1/2-1/2

[Event "España ch sub-14 2012"]
[Site "Salobreña ESP"]
[Date "2012.07.14"]
[Round "9.2"]
[White "Suarez Gomez, Julio"]
[Black "Portela Peleteiro, Alberto"]
[Result "1-0"]
[WhiteElo "2026"]
[BlackElo "1927"]
[PlyCount "147"]
[EventDate "2012.07.09"]
[EventType "swiss"]
[EventRounds "9"]
[EventCountry "ESP"]
[Source "lmi"]
[SourceDate "2012.07.09"]

1. e4 d6 2. d4 Nf6 3. Nc3 e5 4. dxe5 dxe5 5. Qxd8+ Kxd8 6. Bg5 c6 7. O-O-O+ Kc7
8. Bc4 Be6 9. Bxe6 fxe6 10. f3 Nbd7 11. Nge2 Bd6 12. Be3 Nb6 13. Bf2 Rad8 14.
Nb1 Nfd7 15. b3 Bc5 16. Bg3 h5 17. h4 Be3+ 18. Kb2 g5 19. hxg5 Bxg5 20. a4 h4
21. Bf2 Nf6 22. Rxd8 Kxd8 23. a5 Nc8 24. Nbc3 Kc7 25. Rh3 Rh6 26. Nc1 Ne7 27.
g3 Ng6 28. gxh4 Bxh4 29. Bxa7 Nf4 30. Rh1 Bg5 31. Bb6+ Kd6 32. Rd1+ Ke7 33.
Bc5+ Ke8 34. Nd3 Nxd3+ 35. Rxd3 Nd7 36. Be3 Bxe3 37. Rxe3 Rh2 38. Ne2 Rf2 39.
Nc1 Ke7 40. Nd3 Rf1 41. Kc3 Kd6 42. Nb2 Rf2 43. Nc4+ Kc7 44. Nd2 Nc5 45. Nc4
Nd7 46. b4 Rf1 47. Nd2 Rf2 48. Kd3 Rh2 49. Re2 Rh6 50. Rg2 b5 51. Rg7 Rh8 52.
Nb3 Kd6 53. c4 c5 54. cxb5 cxb4 55. Kc4 Rh1 56. Kxb4 Rb1 57. Kc4 Rb2 58. Rg1
Rc2+ 59. Kb4 Rb2 60. Rd1+ Kc7 61. b6+ Kc6 62. Rc1+ Kd6 63. Ka3 Rf2 64. Rc3 Nb8
65. Rc8 Na6 66. b7 Rxf3 67. b8=Q+ Nxb8 68. Rxb8 Kc7 69. Rb4 Rf8 70. Ka4 Ra8 71.
Nc5 Kd6 72. Nd3 Rc8 73. Nb2 Rd8 74. Nc4+ 1-0

[Event "España ch sub-14 2012"]
[Site "Salobreña ESP"]
[Date "2012.07.14"]
[Round "9.3"]
[White "Alvarez Nistal, David"]
[Black "Guerra Arrocha, Daniel"]
[Result "1/2-1/2"]
[WhiteElo "1861"]
[BlackElo "1825"]
[PlyCount "51"]
[EventDate "2012.07.09"]
[EventType "swiss"]
[EventRounds "9"]
[EventCountry "ESP"]
[Source "lmi"]
[SourceDate "2012.07.09"]

1. e4 e6 2. d4 d5 3. Nd2 c5 4. exd5 exd5 5. Ngf3 Nc6 6. Bb5 Bd6 7. dxc5 Bxc5 8.
O-O Nge7 9. Nb3 Bd6 10. Re1 O-O 11. Bd3 Qc7 12. c3 Rd8 13. h3 Bf5 14. Nbd4 Bxd3
15. Qxd3 Nxd4 16. Nxd4 a6 17. Bg5 h6 18. Bh4 g5 19. Bg3 Bxg3 20. fxg3 Rd7 21.
Rf1 Qb6 22. Rxf7 Kxf7 23. Qh7+ Ke8 24. Qh8+ Kf7 25. Qh7+ Ke8 26. Qh8+ 1/2-1/2

[Event "España ch sub-14 2012"]
[Site "Salobreña ESP"]
[Date "2012.07.14"]
[Round "9.4"]
[White "Ponce Cano, Adrian"]
[Black "Garriga Cazorla, Pere"]
[Result "0-1"]
[WhiteElo "1995"]
[BlackElo "2056"]
[PlyCount "68"]
[EventDate "2012.07.09"]
[EventType "swiss"]
[EventRounds "9"]
[EventCountry "ESP"]
[Source "lmi"]
[SourceDate "2012.07.09"]

1. e4 c5 2. Nf3 Nc6 3. d3 g6 4. g3 Bg7 5. Bg2 d6 6. Nbd2 e5 7. c3 Nge7 8. Nf1
O-O 9. h4 d5 10. Qc2 Rb8 11. h5 b5 12. hxg6 hxg6 13. Bd2 b4 14. Qc1 bxc3 15.
bxc3 dxe4 16. dxe4 Qd3 17. Ne3 Ba6 18. Qd1 Qd7 19. Bh3 Qd6 20. Ng4 Rb2 21. Bf1
Bxf1 22. Kxf1 Rd8 23. Kg2 Rxd2 24. Nxd2 Qxd2 25. Qb3 Qe2 26. Ne3 Rd2 27. Raf1
Qxe3 28. Qb7 Qxe4+ 29. Kg1 Qf5 30. Qa8+ Rd8 31. Qb7 e4 32. Rh4 g5 33. Rh2 Rb8
34. Qc7 Bf8 0-1

[Event "España ch sub-14 2012"]
[Site "Salobreña ESP"]
[Date "2012.07.14"]
[Round "9.5"]
[White "Bru Rullo, Llatzer"]
[Black "Fernandez Gil, Ruben Carlos"]
[Result "1-0"]
[WhiteElo "2051"]
[BlackElo "1899"]
[PlyCount "99"]
[EventDate "2012.07.09"]
[EventType "swiss"]
[EventRounds "9"]
[EventCountry "ESP"]
[Source "lmi"]
[SourceDate "2012.07.09"]

1. e4 e6 2. d4 d5 3. Nd2 Nf6 4. e5 Nfd7 5. Bd3 c5 6. c3 Nc6 7. Ne2 cxd4 8. cxd4
f6 9. exf6 Nxf6 10. Nf3 Bd6 11. O-O O-O 12. Bg5 Qe8 13. Bh4 Bd7 14. Bg3 Bxg3
15. hxg3 e5 16. dxe5 Nxe5 17. Nxe5 Qxe5 18. Qd2 Bc6 19. Rad1 Rad8 20. Rfe1 Ne4
21. Bxe4 dxe4 22. Qxd8 Rxd8 23. Rxd8+ Kf7 24. Nc3 h6 25. Rd2 Kg6 26. Re3 b5 27.
Rde2 a5 28. Nxe4 Bxe4 29. Rxe4 Qd5 30. a3 Qd3 31. Re6+ Kh7 32. R6e3 Qd6 33. Kh2
b4 34. axb4 axb4 35. b3 Qd5 36. g4 Kh8 37. Rc2 Qd6+ 38. g3 Kh7 39. Rc4 Qd2 40.
Rf4 g5 41. Rf7+ Kg6 42. Ref3 Qd4 43. R3f6+ Qxf6 44. Rxf6+ Kxf6 45. f4 Ke6 46.
Kg2 Kd5 47. f5 Ke5 48. Kf3 h5 49. gxh5 Kxf5 50. g4+ 1-0

[Event "España ch sub-14 2012"]
[Site "Salobreña ESP"]
[Date "2012.07.14"]
[Round "9.6"]
[White "Bas Mas, Miguel"]
[Black "Domingo Nunez, Alejandro"]
[Result "1-0"]
[WhiteElo "1927"]
[BlackElo "1883"]
[PlyCount "156"]
[EventDate "2012.07.09"]
[EventType "swiss"]
[EventRounds "9"]
[EventCountry "ESP"]
[Source "lmi"]
[SourceDate "2012.07.09"]

1. e4 c5 2. Nf3 d6 3. d4 cxd4 4. Nxd4 Nf6 5. Nc3 g6 6. Be2 Bg7 7. Be3 O-O 8.
Nb3 Nbd7 9. O-O b6 10. f4 Bb7 11. Bf3 Rc8 12. a4 Rxc3 13. bxc3 Nxe4 14. Bxe4
Bxe4 15. Bd4 Nf6 16. Nd2 Bf5 17. Re1 Re8 18. a5 Qc7 19. axb6 axb6 20. Nf3 Ne4
21. Bxg7 Kxg7 22. Rxe4 Bxe4 23. Qd4+ e5 24. Qxe4 Qc5+ 25. Kh1 d5 26. Qa4 b5 27.
Qb4 Qxb4 28. cxb4 exf4 29. Nd4 Rc8 30. Rc1 Rb8 31. c3 Kf6 32. Ra1 Rb7 33. Ra5
Rc7 34. Nxb5 Re7 35. Kg1 Re3 36. Ra6+ Ke5 37. Rc6 Re1+ 38. Kf2 Rc1 39. Nd4 Rb1
40. Nf3+ Kf5 41. Rc5 Rb2+ 42. Ke1 Ke4 43. Nd2+ Kd3 44. Rxd5+ Kxc3 45. b5 f5 46.
Ke2 g5 47. Rd3+ Kc2 48. Rb3 Ra2 49. b6 Ra8 50. b7 Re8+ 51. Kf1 Rb8 52. Ke2 Re8+
53. Kf3 Rb8 54. Rb5 Kxd2 55. Rxf5 Rxb7 56. Rxg5 Kd3 57. Kxf4 Rb4+ 58. Kf5 Rh4
59. h3 Rh6 60. Rg7 Ke3 61. Kg5 Ra6 62. Rxh7 Ra5+ 63. Kh4 Kf4 64. Rf7+ Ke5 65.
g4 Ke6 66. Rf3 Ra8 67. g5 Rh8+ 68. Kg4 Ra8 69. h4 Ra4+ 70. Rf4 Ra1 71. Kh5 Rg1
72. Kh6 Ke5 73. Rf8 Ra1 74. g6 Ra6 75. Kh7 Ra4 76. h5 Ra7+ 77. g7 Ke6 78. Kh8
Kd5 1-0

[Event "España ch sub-14 2012"]
[Site "Salobreña ESP"]
[Date "2012.07.14"]
[Round "9.7"]
[White "Medina Masdeu, Rasen"]
[Black "Laiz Ibanez, Hector"]
[Result "1/2-1/2"]
[WhiteElo "1923"]
[BlackElo "1838"]
[PlyCount "77"]
[EventDate "2012.07.09"]
[EventType "swiss"]
[EventRounds "9"]
[EventCountry "ESP"]
[Source "lmi"]
[SourceDate "2012.07.09"]

1. e4 e6 2. d3 c5 3. Nf3 Nc6 4. g3 g6 5. Bg2 Bg7 6. O-O Nge7 7. c3 d6 8. Nbd2
O-O 9. Ne1 Qc7 10. f4 f5 11. Nef3 Rb8 12. Qc2 b5 13. Rb1 b4 14. c4 b3 15. Nxb3
Nb4 16. Qd1 Nxa2 17. Bd2 Qb6 18. Nc1 Nxc1 19. Bxc1 a5 20. Re1 Bd7 21. e5 d5 22.
Ra1 a4 23. Re2 Rfd8 24. Qc2 h6 25. h4 Kf7 26. h5 gxh5 27. Nh4 Bc6 28. Bf3 Qb3
29. Bxh5+ Kg8 30. Be3 d4 31. Bc1 Qxc2 32. Rxc2 Rb3 33. Rd2 Rdb8 34. Bd1 R3b4
35. Ra2 Kf8 36. g4 Kf7 37. gxf5 exf5 38. Kh2 Ke6 39. Rf2 1/2-1/2

[Event "España ch sub-14 2012"]
[Site "Salobreña ESP"]
[Date "2012.07.14"]
[Round "9.8"]
[White "Balbuena Fuentes, Mario"]
[Black "Lopez Rivera, Jesus"]
[Result "1/2-1/2"]
[WhiteElo "1899"]
[BlackElo "1800"]
[PlyCount "87"]
[EventDate "2012.07.09"]
[EventType "swiss"]
[EventRounds "9"]
[EventCountry "ESP"]
[Source "lmi"]
[SourceDate "2012.07.09"]

1. e4 c5 2. Nf3 d6 3. d4 cxd4 4. Nxd4 Nf6 5. Nc3 g6 6. Be3 Bg7 7. f3 O-O 8. Qd2
Nc6 9. O-O-O d5 10. exd5 Nxd5 11. Nxc6 bxc6 12. Bd4 Nxc3 13. Qxc3 Bh6+ 14. Be3
Bxe3+ 15. Qxe3 Qb6 16. Qxe7 Be6 17. Qa3 Rad8 18. Bd3 Rd5 19. b3 Rfd8 20. Rhe1
a5 21. Qe7 Qd4 22. Kb1 Qc3 23. Re4 c5 24. Rc4 Qe5 25. Rxc5 Qxh2 26. Rxd5 Rxd5
27. Re1 Rh5 28. g4 Qd2 29. Qd8+ Kg7 30. Qd4+ Kh6 31. Rg1 Rd5 32. Qf6 Qh2 33.
Re1 a4 34. f4 Bxg4 35. Be4 axb3 36. axb3 Rd1+ 37. Rxd1 Bxd1 38. Qxf7 Qg1 39.
Ka2 Qf2 40. Qf8+ Kh5 41. Qf6 Kh6 42. Bxg6 Qa7+ 43. Kb2 hxg6 44. f5 1/2-1/2

[Event "España ch sub-14 2012"]
[Site "Salobreña ESP"]
[Date "2012.07.14"]
[Round "9.9"]
[White "Salagran Ferragut, Guillem"]
[Black "Redondo Benavente, Jose Carlos"]
[Result "1-0"]
[WhiteElo "1899"]
[BlackElo "1719"]
[PlyCount "113"]
[EventDate "2012.07.09"]
[EventType "swiss"]
[EventRounds "9"]
[EventCountry "ESP"]
[Source "lmi"]
[SourceDate "2012.07.09"]

1. e4 e5 2. Nf3 Nc6 3. Bb5 Nge7 4. O-O g6 5. c3 Bg7 6. Re1 O-O 7. d3 h6 8. Be3
a6 9. Ba4 d6 10. d4 exd4 11. Nxd4 Bd7 12. Bc2 d5 13. Nb3 dxe4 14. Bxe4 Bf5 15.
N1d2 Bxe4 16. Nxe4 Qxd1 17. Raxd1 Rfd8 18. Bf4 Nd5 19. Bg3 f5 20. Nec5 f4 21.
Nxb7 fxg3 22. Nxd8 gxf2+ 23. Kxf2 Rxd8 24. Re6 Rf8+ 25. Kg1 Nde7 26. Rd7 Nf5
27. Rxc6 Ne3 28. Nd2 Be5 29. Rxg6+ Kh8 30. Rxh6+ Kg8 31. Nf3 Bd6 32. Rdxd6 cxd6
33. Rxd6 Rb8 34. b3 a5 35. h3 a4 36. Nd4 axb3 37. axb3 Rf8 38. Nf3 Ra8 39. Rd3
Ra1+ 40. Kf2 Nf5 41. Rd2 Rb1 42. Nd4 Nxd4 43. cxd4 Rxb3 44. d5 Kf7 45. d6 Rb8
46. d7 Rd8 47. g4 Kg6 48. Kg3 Kg7 49. h4 Kh7 50. g5 Kg7 51. h5 Kh7 52. Kg4 Kg7
53. h6+ Kh7 54. Kh5 Kh8 55. g6 Kg8 56. Re2 Rf8 57. Re8 1-0

[Event "España ch sub-14 2012"]
[Site "Salobreña ESP"]
[Date "2012.07.14"]
[Round "9.10"]
[White "Aguila Hernandez, Eduardo"]
[Black "Cortes Cabeza, Cameron"]
[Result "1-0"]
[WhiteElo "1893"]
[BlackElo "1633"]
[PlyCount "109"]
[EventDate "2012.07.09"]
[EventType "swiss"]
[EventRounds "9"]
[EventCountry "ESP"]
[Source "lmi"]
[SourceDate "2012.07.09"]

1. e4 c5 2. Nf3 d6 3. d4 cxd4 4. Nxd4 Nf6 5. Nc3 a6 6. Be2 e5 7. Nb3 Be6 8. Bg5
Be7 9. O-O Nc6 10. Bxf6 Bxf6 11. Nd5 Bxd5 12. Qxd5 Qc7 13. c3 O-O 14. Rad1 Rad8
15. Bf3 Ne7 16. Qd3 Ng6 17. g3 Qc8 18. Nd2 Bg5 19. Nc4 Qh3 20. Bg2 Qe6 21. h4
Bf6 22. a3 h6 23. Ne3 Ne7 24. Rd2 Rd7 25. Rfd1 Rfd8 26. Kh2 Rc7 27. Qc2 Rc6 28.
Bh3 Qa2 29. Qa4 b5 30. Qb4 a5 31. Qxa5 Rb8 32. Qb4 Ra8 33. Qxb5 Raa6 34. Nd5
Nxd5 35. Qxd5 Qxd5 36. Rxd5 Be7 37. Bf1 Rab6 38. Bb5 Rc7 39. a4 Rcb7 40. b4 Rb8
41. c4 R6b7 42. a5 Ra7 43. Kg2 Rc7 44. Ra1 Ra7 45. Ra4 Rbb7 46. Bc6 Rb8 47. b5
Bd8 48. b6 Bxb6 49. axb6 Rxa4 50. Bxa4 Rxb6 51. c5 dxc5 52. Rxe5 Rb4 53. Bc6 c4
54. Rc5 Kf8 55. Bd5 1-0

[Event "España ch sub-14 2012"]
[Site "Salobreña ESP"]
[Date "2012.07.14"]
[Round "9.11"]
[White "Rodriguez Manzaneda, Irene"]
[Black "Ribera Cebolla, Marc"]
[Result "1-0"]
[WhiteElo "1686"]
[BlackElo "1883"]
[PlyCount "55"]
[EventDate "2012.07.09"]
[EventType "swiss"]
[EventRounds "9"]
[EventCountry "ESP"]
[Source "lmi"]
[SourceDate "2012.07.09"]

1. e4 c5 2. d3 g6 3. g3 Bg7 4. Bg2 e6 5. f4 Ne7 6. Nf3 O-O 7. O-O Nbc6 8. c3 d6
9. Be3 Rb8 10. d4 cxd4 11. cxd4 d5 12. e5 Qb6 13. Qd2 Bd7 14. Bf2 Na5 15. b3
Bb5 16. Re1 h5 17. h3 Rbc8 18. g4 hxg4 19. hxg4 Qc7 20. Bh4 Nac6 21. Nc3 Ba6
22. Nd1 Rfe8 23. Ne3 Qa5 24. Qf2 Nb4 25. Red1 Bd3 26. Bf6 g5 27. Nxg5 Nc2 28.
Rxd3 1-0

[Event "España ch sub-14 2012"]
[Site "Salobreña ESP"]
[Date "2012.07.14"]
[Round "9.12"]
[White "Gonzalez Capacete, Jose Miguel"]
[Black "Santos Ruiz, Miguel"]
[Result "0-1"]
[WhiteElo "1781"]
[BlackElo "2106"]
[PlyCount "51"]
[EventDate "2012.07.09"]
[EventType "swiss"]
[EventRounds "9"]
[EventCountry "ESP"]
[Source "lmi"]
[SourceDate "2012.07.09"]

1. e4 e6 2. d3 c5 3. g3 Nc6 4. Bg2 g6 5. Nf3 Bg7 6. O-O Nge7 7. Nbd2 d6 8. Re1
O-O 9. h4 e5 10. c3 h6 11. Nf1 Be6 12. Be3 f5 13. Qd2 Kh7 14. N3h2 b6 15. f4 d5
16. exd5 Bxd5 17. Rad1 Bxg2 18. Qxg2 Qd5 19. Nf3 exf4 20. Bxf4 Qxa2 21. Ne3 Qf7
22. Nc4 Rad8 23. Nd6 Qg8 24. Ng5+ hxg5 25. hxg5 Qd5 26. Ra1 0-1